000 00787nam a22002297a 4500
005 20170919165344.0
010 _a1718EN-30 ENG-119760
020 _c295.00
_a9780198075448
020 _c295.00
_a198075448
035 _aEN-103292
037 _bUppal
_adpl
037 _bDBAD/PUB
082 _a658.1552
100 _aSarkar, Runa
245 _aBusiness institutions, environment /
_cby Runa Sarkar
260 _aNew Delhi
_bOxford University Press
_c2017
270 _bNew Delhi
_aYMCA Library Building,1 Jai Singh Road,
_e110001
300 _axlvii,165p.;
_c18cm(pbk)
500 _aIncludes bibliographical references and index
942 _cEN
_h658.1552
_mSAR
_2ddc
999 _c143318
_d143318